Washington otvára Indii dvere do jadrového klubu
Bushovo turné po južnej Ázii. Dohoda o spolupráci medzi USA a Indiou v oblasti jadrovej energetiky, bez toho, aby India podpísala Dohodu o nešírení jadrových zbraní a technológie. Dohodu však bude musieť ratifikovať americký Kongres. Jadrové zbrane v Pakistane. Dodávka jadrového paliva a technológie...
Gespeichert in:
| 1. Verfasser: | |
|---|---|
| Format: | Buchkapitel |
| Sprache: | Slowakisch |
| Schlagworte: | |
| Tags: |
Keine Tags, Fügen Sie das erste Tag hinzu!
|
MARC
| LEADER | 00000naa$a2200000$$$4500 | ||
|---|---|---|---|
| 001 | 0040157 | ||
| 005 | 20231009082800.5 | ||
| 041 | 0 | |a slo | |
| 044 | |a SK | ||
| 245 | 1 | 0 | |a Washington otvára Indii dvere do jadrového klubu |c Adrian Peter Pressburg |
| 520 | |a Bushovo turné po južnej Ázii. Dohoda o spolupráci medzi USA a Indiou v oblasti jadrovej energetiky, bez toho, aby India podpísala Dohodu o nešírení jadrových zbraní a technológie. Dohodu však bude musieť ratifikovať americký Kongres. Jadrové zbrane v Pakistane. Dodávka jadrového paliva a technológie z USA indickým atómovým elektrárňam. | ||
| 610 | 2 | 0 | |a energia atómová |
| 610 | 2 | 0 | |a elektrárne atómové |
| 610 | 2 | 0 | |a palivá |
| 610 | 2 | 0 | |a technológie nové |
| 610 | 2 | 0 | |a spolupráca medzinárodná |
| 610 | 2 | 0 | |a USA |
| 610 | 2 | 0 | |a India |
| 100 | 1 | |a Pressburg, Adrian Peter | |